000 00494nam a22001697a 4500
003 OSt
005 20210826095436.0
008 210826b |||||||| |||| 00| 0 eng d
020 _a0-13-488801-4
040 _cHU
082 _a519.5024
100 _aDavid M.Levin Patrical P.Ramsey Robert K. Smidt
_9407
245 _aAPPLIED STATISTICS FOR ENGINEERS AND SCLENTISTS Using Microsoft Excel@ and MINITAB
260 _aNew Jersey
_bPRENTICE HALL
_c2001
300 _a671
942 _2ddc
_cBOOKS
_n0
999 _c491
_d491